Responses for Show #9196 - Monday, November 4, 2024

Greg Jolin game 3.

Contestants

[<< previous game]

Brian Frey, a journeyman originally from Syosset, New York

Lindsey Simmons, an attorney originally from Marshall, Missouri

Greg Jolin, a system specialist and accountant from Raymond, New Hampshire (whose 2-day cash winnings total $50,002)

[next game >>]

Jeopardy! Round responses

DEAD LIKE ME
A VERY VANILLA CATEGORY
HER FIRST NO. 1 POP HIT
ALL SAINTS
THE QUOTABLE OSCAR WILDE
5, 5
(Ken: Each correct response here--two 5-letter words.)
    $200 25
Cleopatra

Brian
    $200 26
(Brian: What are beans?)

egg yolks

Brian
Triple Stumper
    $200 27
Shakira

Greg
    $200 29
(Brian: What is St. Louis?)

St. Paul

GregBrian
    $200 30
temptation

Greg
    $200 28
punch drunk

Brian
    $400 11
(Lindsey: What is Pompeii?)

Vesuvius

GregLindsey
    $400 12
banana pudding

Triple Stumper
    $400 1
Katy Perry

Greg
    $400 13
Sherman

Brian
    $400 20
[Greg did not include the leading article in his correct response.]

The Picture of Dorian Gray

Greg
    $400 16
First Folio

Greg
    $600 5
the Alamo

Brian
    $600 14
an orchid

Brian
    $600 2
Whitney Houston

Greg
    $600 22
St. Bernard

Brian
    $600 8
fox hunting

Brian
    $600 17
a belly dance

Greg
    $800 10
(Ken: The [*] Trials, right.)

Nuremberg

Brian
    $800 6
aromatherapy

Brian
    $800 3
Paula Abdul

Greg
    $800 7
Sinai

Greg
    $3,000 9
(Brian: Pretty please with sugar on top, will you make me a True Daily Double?)
(Ken: It would be my pleasure, Brian.)
...
(Brian: What is...)
(Ken: You're out of time, I'm afraid, Brian, popular honeymoon site at the time--[*].)
...
(Brian: [Hand over his heart] DEAD LIKE ME for $800.)
[Laughter]

Niagara Falls

Brian
    $800 18
(Brian: [Sighs])
(Ken: Didn't come to you, I'm afraid.)
(Lindsey: What is [**]?)
[Ruled incorrect; reversed after the break]

Baton Rouge (or Boise, Idaho)

GregLindseyBrian
    $1000 15
(Mary) Surratt

Greg
    $1000 24
Cortés

Brian
    $1000 4
Bette Midler

Brian
    $1000 23
(Ken: Shaking your head, but that's correct.)

the Habsburgs

Greg
    $1000 21
excess

Triple Stumper
    $1000 19
the giant squid

Triple Stumper

Scores at the first commercial break (after clue 15):

Greg Lindsey Brian
$4,000 -$400 $1,800

Scores at the end of the Jeopardy! Round:

Greg Lindsey Brian
$7,800 $400 $2,600

Double Jeopardy! Round responses

WORLD FLAGS
DON'T DO THE MATH
HEALTH & MEDICINE
EPICS
THE ODYSSEY
THE "NE" ADD
    $400 14
Iran

Greg
    $400 4
a Ferrari

Brian
    $400 8
(Brian: What are twins?)
(Ken: Can you be more specific?)

identical twins

Brian
    $400 27
(Ken: Right, with less than a minute.)

Shōgun

Greg
    $400 1
James Cameron

Greg
    $400 21
Nepal (from Nepal)

Brian
    $800 15
the Netherlands

Greg
    $800 9
hands

Greg
    $800 3
diabetes

Lindsey
    $800 2
David

Greg
    $800 12
Alexander the Great

Brian
    $800 10
Rockne (from Rockne)

Greg
    $3,000 5
the Southern Cross

Brian
    $1200 18
Mississippi

Brian
    $1200 20
(Ken: In honor of Pancreatic Cancer Awareness Month, here's cancer survivor & Stand Up to Cancer ambassador Maria Menounos.)

stage 4

Lindsey
    $1200 7
Rings of Power

Lindsey
    $1200 6
(Brian: Who is Richard Branson?)

Sir Edmund Hillary

Brian
Triple Stumper
    $1200 11
winery (from winery)

Triple Stumper
    $1600 16
a yurt

Brian
    $1600 19
the Orient Express

Greg
    $1600 23
mpox

Greg
    $5,000 13
(Brian: What is Black Beauty?)
(Ken: Sorry, no, this was Spielberg's [*].)

War Horse

Brian
    $1600 26
John Frémont

Brian
    $1600 28
neural (from neural)

Greg
    $2000 17
bourgeoisie

Triple Stumper
    $2000 22
(Lilly) Ledbetter

Lindsey
    $2000 25
(Brian: Oh, um... what's not malaria?)

dengue

Brian
Triple Stumper
    $2000 24
the Knights Templar

Greg
    $2000 30
(Ken: Inspired Shakespeare to write [*].)

The Tempest

Triple Stumper
    $2000 29
veneer (from veer)

Triple Stumper

Scores at the end of the Double Jeopardy! Round:

Greg Lindsey Brian
$19,000 $5,600 $3,800
(lock game)

[wagering suggestions for these scores]

Final Jeopardy! Round responses

19th CENTURY LIT
(Ken: [To Brian] Yes, one servant for each of them.)
BrianWho are the 3 Musketeers?
$3,799
LindseyWho are Musketeers ❤ Jace, Benj, Elle
$2,201
GregWho are the Three Musketeers
$6,000
the Three Musketeers (Porthos, Athos & Aramis)

Final scores:

Greg Lindsey Brian
$25,000 $3,399 $7,599
3-day champion: $75,002 3rd place: $2,000 2nd place: $3,000

Game dynamics:

Coryat scores:

Greg Lindsey Brian
$19,000 $5,600 $10,000
25 R,
0 W
5 R,
1 W
19 R
(including 1 DD),
7 W
(including 2 DDs)

Combined Coryat: $34,600

[game clues] [game scores] [suggest correction]

Game tape date: 2024-09-23
The J! Archive is created by fans, for fans. Scraping, republication, monetization, and malicious use prohibited; this site may use cookies and collect identifying information. See terms. The Jeopardy! game show and all elements thereof, including but not limited to copyright and trademark thereto, are the property of Jeopardy Productions, Inc. and are protected under law. This website is not affiliated with, sponsored by, or operated by Jeopardy Productions, Inc. Join the discussion at JBoard.tv.